Dead by Daylight Maps - Statistics

General Stats
  • This quiz has been taken 115 times
    48 since last reset
  • The average score is 21 of 45
Answer Stats
Realm Maps % Correct
Gideon Meat Plant The Game
79%
Silent Hill Midwich Elementary School
75%
Freddy Fazbear's Pizza
67%
Raccoon City Raccoon City Police Station East Wing
67%
Raccoon City Police Station West Wing
67%
The MacMillan Estate Coal Tower
63%
Grave of Glenvale Dead Dawg Saloon
63%
Forsaken Boneyard Eyrie of Crows
58%
Dvarka Deepwood Toba Landing
58%
Autohaven Wreckers Azarov's Resting Place
54%
Greenville Square
54%
Red Forest Mother's Dwelling
54%
Ormond Lake Mine
54%
Springwood Badham Preschool
50%
Haddonfield Lampkin Lane
50%
Ormond Mount Ormond Resort
50%
The Temple of Purgation
50%
Withered Isle Garden of Joy
46%
Gas Heaven
46%
Nostromo Wreckage
46%
Rotten Fields
46%
The Thompson House
46%
Dead Sands
42%
Yamaoka Estate Family Residence
42%
Ironworks of Misery
42%
Sanctum of Wrath
42%
Shelter Woods
42%
Backwater Swamp The Pale Rose
42%
The Decimated Borgo The Shattered Square
42%
Blood Lodge
38%
Father Campbell's Chapel
38%
Forgotten Ruins
38%
Grim Pantry
38%
Groaning Storehouse
38%
Hawkins National Laboratory The Underground Complex
38%
Torment Creek
38%
Léry's Memorial Institute Treatment Theatre
38%
Crotus Prenn Asylum Disturbed Ward
33%
Coldwind Farm Fractured Cowshed
33%
Rancid Abattoir
33%
Sleepless District Trickster's Delusion
33%
Wreckers' Yard
33%
Fallen Refuge
29%
Suffocation Pit
29%
Wretched Shop
21%
No matching quizzes found
Score Distribution
Percent of People with Each Score
Percentile by Number Answered
Your Score History
You have not taken this quiz since the last reset